| 000 | 00852nas a2200301 4500 | ||
|---|---|---|---|
| 001 | BR2011002122 | ||
| 003 | BR-BrBNA | ||
| 005 | 20231205114557.0 | ||
| 007 | ta | ||
| 008 | 230509b bl.|||p| |||| 00| 00por d | ||
| 040 |
_aBR-BrBNA _bpor _cBiblioteca Nacional de Agricultura |
||
| 041 | _a(Pt) | ||
| 072 | _aF08 | ||
| 100 | 1 | _aColombo, L.A. | |
| 100 | 1 | _aAssis, A.M. de | |
| 100 | 1 | _aSato, A.J. | |
| 100 | 1 | _aTessmann, D.J. | |
| 100 | 1 | _aGenta, W. | |
| 100 | 1 | _aRoberto, S.R. | |
| 245 | 1 | _aProdução fora de época da videira "BRS Clara" sob cultivo protegido | |
| 650 | _aUVA | ||
| 650 | _aCULTIVO PROTEGIDO | ||
| 650 | _aPLÁSTICO | ||
| 650 | _aRENDIMENTO | ||
| 773 | 0 |
_tCiência Rural (Brazil) _xISSN 0103-8478 _g(Feb 2011), v. 41(2) p. 212-218 _wBR2011002122 |
|
| 909 |
_a202311 _bLúcia _c55 _dLúcia Elande |
||
| 942 |
_2AGRIS _n0 _cANA |
||
| 999 |
_c209401 _d209401 |
||